A picture book of Jesse Owens / (Record no. 5295)

MARC details
000 -LEADER
fixed length control field 00857nam a22002657a 4500
001 - CONTROL NUMBER
control field 5295
003 - CONTROL NUMBER IDENTIFIER
control field FISKH
005 - DATE AND TIME OF LATEST TRANSACTION
control field 20241204154259.0
008 - FIXED-LENGTH DATA ELEMENTS--GENERAL INFORMATION
fixed length control field 241125b cb ||||| |||| 00| 0 eng d
020 ## - INTERNATIONAL STANDARD BOOK NUMBER
International Standard Book Number 0590494392
040 ## - CATALOGING SOURCE
Original cataloging agency FISKH
Language of cataloging eng
Transcribing agency FISKH
Modifying agency FISKH
050 ## - LIBRARY OF CONGRESS CALL NUMBER
Classification number GV697.O9
082 ## - DEWEY DECIMAL CLASSIFICATION NUMBER
Classification number 796.42092
100 ## - MAIN ENTRY--PERSONAL NAME
Personal name A.Adler, David
Dates associated with a name (1947–)
245 ## - TITLE STATEMENT
Title A picture book of Jesse Owens /
Statement of responsibility, etc. David A.Adler illustrated by Robert Casilla
250 ## - EDITION STATEMENT
Edition statement First published printing in 1993
260 ## - PUBLICATION, DISTRIBUTION, ETC.
Place of publication, distribution, etc. New York :
Name of publisher, distributor, etc. Scholastic,
Date of publication, distribution, etc. 1993.
300 ## - PHYSICAL DESCRIPTION
Extent 27 pages :
Other physical details color illustrations ;
Dimensions 21 cm
520 ## - SUMMARY, ETC.
Summary, etc. A simple biography of the noted black track star who competed in the 1936 Berlin Olympics.
650 ## - SUBJECT ADDED ENTRY--TOPICAL TERM
Source of heading or term Non-fiction
Topical term or geographic name entry element Biography
650 ## - SUBJECT ADDED ENTRY--TOPICAL TERM
Source of heading or term Olympics
Topical term or geographic name entry element Black history
700 ## - ADDED ENTRY--PERSONAL NAME
Personal name Casilla, Robert
Dates associated with a name Illustrator
942 ## - ADDED ENTRY ELEMENTS (KOHA)
Source of classification or shelving scheme Dewey Decimal Classification
Koha item type Books
Suppress in OPAC No
Holdings
Withdrawn status Lost status Source of classification or shelving scheme Damaged status Not for loan Collection Home library Current library Shelving location Date acquired Total Checkouts Full call number Barcode Date last seen Copy number Price effective from Koha item type
    Dewey Decimal Classification     Non-Fiction Footprints International School Library Network Toul Kork Campus Footprints International School Library Network Toul Kork Campus A TK Campus, 4th Floor, Room B401, Non-Fiction Bookcases(7-8) 11/25/2024   ADL 796.42092 GV697.O9 FISTK02225 11/25/2024 1 11/25/2024 Books